El mundo y el hombre (Record no. 101919)

MARC details
000 -LEADER
campo de control de longitud fija 00731nam a2200217 i 4500
001 - NÚMERO DE CONTROL
campo de control 101919
003 - IDENTIFICADOR DE NÚMERO DE CONTROL
campo de control ES-MaACL
005 - FECHA Y HORA DE LA ÚLTIMA TRANSACCIÓN
campo de control 20250724062612.0
007 - CAMPO FIJO DE DESCRIPCIÓN FÍSICA--INFORMACIÓN GENERAL
campo de control de longitud fija t|
008 - DATOS DE LONGITUD FIJA--INFORMACIÓN GENERAL
campo de control de longitud fija 051028s1954 sp a |||| | spa d
100 1# - ENTRADA PRINCIPAL--NOMBRE DE PERSONA
Nombre de persona Mellersh, H.E.L.
9 (RLIN) 79996
245 13 - MENCIÓN DEL TÍTULO
Título El mundo y el hombre
Resto del título : síntesis de conocimientos modernos /
Mención de responsabilidad, etc. H.E.L. Mellersh ; [traducción prologada y anotada por Miguel Masriera ; dibujos y esquemas de Sally Mellersh].
250 ## - MENCION DE EDICION
Mención de edición 1ª ed.
260 ## - PUBLICACIÓN, DISTRIBUCIÓN, ETC.
Lugar de publicación, distribución, etc. Barcelona :
Nombre del editor, distribuidor, etc. Aymá,
Fecha de publicación, distribución, etc. 1954.
300 ## - DESCRIPCIÓN FÍSICA
Extensión 370 p. :
Otras características físicas il. ;
Dimensiones 22 cm.
650 #7 - PUNTO DE ACCESO ADICIONAL DE MATERIA--TÉRMINO DE MATERIA
Término de materia o nombre geográfico como elemento de entrada Cultura
Fuente del encabezamiento o término embne
9 (RLIN) 170963
700 1# - ENTRADA AGREGADA--NOMBRE PERSONAL
Nombre de persona Masriera y Rubio, Miguel.
9 (RLIN) 78778
700 1# - ENTRADA AGREGADA--NOMBRE PERSONAL
Nombre de persona Mellersh, Sally.
9 (RLIN) 170949
852 ## - LOCALIZACIÓN
Ubicación ES-MaACL
Número de control de estantería C-8245
Holdings
Estatus retirado Estado de pérdida Estado de daño No para préstamo Biblioteca de origen Biblioteca actual Ubicación en estantería Fecha de adquisición Fuente de adquisición Total de préstamos Signatura topográfica completa Código de barras Visto por última vez Precio de reemplazo Tipo de ítem Koha
        Biblioteca del Ateneo de Madrid Biblioteca del Ateneo de Madrid Sala Palomar 17/01/2008     C-8245 1106397 23/02/2023 23/02/2023 Libro impreso